| 000 | 00610nam a2200181Ia 4500 | ||
|---|---|---|---|
| 003 | GCL | ||
| 008 | 140319s9999 xx 000 0 ara d | ||
| 040 |
_aGCL / _cGCL |
||
| 082 | 0 | 4 |
_a811.72 _bر م |
| 100 | 1 | _aرقية ابراهيم احمد | |
| 245 | 1 | 0 |
_aمصر فى وجدان شعراء العصر الايوبى / _cرقية ابراهيم احمد |
| 300 | _a206 ص | ||
| 490 |
_aالهيئة العامة للاستعلامات _v0 |
||
| 650 | 0 | 4 | _aالادب العربى |
| 650 | 0 | 4 | _aالشعر العربى - تاريخ ونقد |
| 650 | 0 | 4 | _aالشعر العربى - مصر |
| 942 |
_2ddc _cBK |
||
| 999 |
_c49610 _d49610 |
||